Introduction to Algorithms (Record no. 182231)

000 -LEADER
fixed length control field 00387nam a2200145Ia 4500
008 - FIXED-LENGTH DATA ELEMENTS--GENERAL INFORMATION
fixed length control field 220217s9999||||xx |||||||||||||| ||und||
020 ## - INTERNATIONAL STANDARD BOOK NUMBER
International Standard Book Number 9788120340077
082 ## - DEWEY DECIMAL CLASSIFICATION NUMBER
Classification number 005.1 COR
100 ## - MAIN ENTRY--PERSONAL NAME
Personal name Cormen, Thomas H.
245 #0 - TITLE STATEMENT
Title Introduction to Algorithms
250 ## - EDITION STATEMENT
Edition statement 3
260 ## - PUBLICATION, DISTRIBUTION, ETC.
Place of publication, distribution, etc. Prenice hall of India
Name of publisher, distributor, etc. New delhi
Date of publication, distribution, etc. 2010
300 ## - PHYSICAL DESCRIPTION
Extent xix;1292
Other physical details 425
650 ## - SUBJECT ADDED ENTRY--TOPICAL TERM
Topical term or geographic name entry element COMPUTER PROGRAMS
Holdings
Withdrawn status Lost status Damaged status Not for loan Collection code Home library Current library Date acquired Total Checkouts Full call number Barcode Date last seen Date last checked out Price effective from Koha item type
        Computer Science and Engineering Central Library Central Library 02/18/2022 1 005.1 COR 17420 07/03/2023 02/10/2023 02/18/2022 Books

Powered by Koha